Normal view
MARC view
- مريدن ، موفق/ م مشارك معاوية عبدالهادي
Entry Personal Name
001 - CONTROL NUMBER
- control field: 34501
003 - CONTROL NUMBER IDENTIFIER
- control field: JO-AjAnu
005 - DATE AND TIME OF LATEST TRANSACTION
- control field: 20230606075759.0
008 - FIXED-LENGTH DATA ELEMENTS
- fixed length control field: 230606|| aca||aabn | a|a d
040 ## - CATALOGING SOURCE
- Original cataloging agency: JO-AjAnu
- Transcribing agency: JO-AjAnu
100 ## - HEADING--PERSONAL NAME
- Personal name: مريدن ، موفق/ م مشارك معاوية عبدالهادي
670 ## - SOURCE DATA FOUND
- Source citation: Work cat.: (JO-AjAnu)17721: مريدن ، موفق/ م مشارك معاوية عبدالهادي, author, الجراحة موجز الكسور والخلوع